00629 a2200181 4500003000400000005001700004008004100021020001800062040000900080082001800089100002700107245005200134260004200186300000900228942004200237952015100279999001700430OSt20231122102606.0231122b |||||||| |||| 00| 0 eng d a9789383692248 coclc a582.13bEAM/M aEames, Arthur J 94812 aMorphology of the angiosperms /cArthur J Eames aNew Delhi:bUnited bookprints,c2021. a518p 2ddccBKh582.13iEAM/Mk582.13mEAM/M 00102ddc40708BOTANYaMESbMEScBOTANYd2023-11-22l2m2o582.13 EAM/Mp43549r2024-10-25 15:27:39s2024-09-28v2495.00w2023-11-22yBKzGL19R4 c43652d43652